Tilastot visalle 10 suurinta ja pienintä Euroopassa

Klikkaa tästä pelataksesi tätä visaa!

Yleistilastot

  • Tätä visaa on pelattu 180 kertaa
  • Keskiarvotulos 22 / 25

Vastaustilastot

#Vastaus% Oikein
1.Venäjä
100%
3.Ranska
98%
2.Saksa
98%
7.Suomi
97%
6.Espanja
96%
8.Ruotsi
95%
7.Ukraina
95%
1.Vatikaanivaltio
95%
5.Italia
92%
4.Liechtenstein
92%
8.Puola
92%
4.Yhdistynyt
Kuningaskunta
92%
8.Norja
90%
3.San Marino
90%
6.Andorra
89%
2.Monaco
89%
5.Malta
87%
7.Luxemburg
86%
10.Viro
84%
6.Islanti
81%
9.Romania
80%
8.Kosovo
77%
10.Alankomaat
71%
9.Montenegro
71%
10.Slovenia
70%

Tulosjakauma

Persentiili vastausten määrän mukaan

Jokaisen tuloksen saaneiden osuus

Tuloshistoriasi

Et ole pelannut tätä visaa